Score 0/20 Timer 04:00
5 Plays Today
Begins and Ends Color % Correct
I _ _ _ _ OIndigo
79.3%
S _ Y   B _ _ ESky Blue
78.8%
F _ _ _ _ T   G _ _ _ NForest Green
77.6%
B _ _ _ K   R _ DBrick Red
74.9%
R _ _ _ L   P _ _ _ _ ERoyal Purple
72.8%
B _ _ _ T   O _ _ _ _ EBurnt Orange
66.4%
H _ T   M _ _ _ _ _ AHot Magenta
63.5%
B _ _ _ T   S _ _ _ _ ABurnt Sienna
59.6%
C _ _ _ _ N   C _ _ _ YCotton Candy
56.7%
C _ _ _ _ _ _ _ N   P _ _ KCarnation Pink
55.5%
Begins and Ends Color % Correct
L _ _ _ _ _ _ RLavender
48.5%
E _ _ _ _ _ _ C   L _ _ EElectric Lime
48.5%
M _ _ _ _ _ _ I   A _ D   C _ _ _ _ EMacaroni and Cheese
45%
R _ _ _ _ _ _ _ _ ZRazzmatazz
33.7%
S _ _ _ _ RSilver
33.7%
F _ _ _ _ _ AFuchsia
32.6%
M _ _ _ _ _ _ YMahogany
32.1%
G _ _ _ _ Y   S _ _ _ H   A _ _ _ EGranny Smith Apple
28.7%
S _ _ _ _ _ TScarlet
23.5%
A _ _ _ _ DAlmond
22.3%
Remove Ads.
Support Sporcle.
Get the best of Sporcle when you Go Orange. This ad-free experience offers more features, more stats, and more fun while also helping to support Sporcle. Thank you for becoming a member.

You're not logged in!

Compare scores with friends on all Sporcle quizzes.
OR
Log In

Show Comments

Extras

Top Quizzes Today


Score Distribution

Your Account Isn't Verified!

In order to create a playlist on Sporcle, you need to verify the email address you used during registration. Go to your Sporcle Settings to finish the process.

Report this User

Report this user for behavior that violates our Community Guidelines.

Details: